Výrazný krok Tory do finále semifinále Slovenského pohára basketbalistiek

Bibliographic Details
Format: Article
Language:Slovak
Subjects:

MARC

LEADER 00000nab a2200000 a 4500
001 vtls000654365
003 SK-MaSNL
005 20260302182619.0
008 180205c1998 xo 0 slo
015 |a SNBRA1998/03-07253 
035 |a CLN000006558 
040 |a SNKBUCL  |b slo  |c SNKBUCL  |e AACR2 
041 0 |a slo 
044 |a xo  |c SK 
080 |a 796.323.093.1  |2 UDC-MRF-SK2 
245 0 0 |a Výrazný krok Tory do finále  |b semifinále Slovenského pohára basketbalistiek 
650 0 7 |a basketbal  |x ženy  |x Slovenský pohár  |y 1998  |2 snkbucl  |9 894912 
655 7 |a články z novín a časopisov  |2 snkbucl  |9 267496 
773 0 |t Šport  |g Roč. 52, č. 71 (26.3.1998), s. 4 
850 |a Slovenská národná knižnica v Martine 
852 |a SNK  |b KIS3GCP 
958 |a RBX 
999 |c 1418821  |d 1420751